[Event "FRA-chT2 East 0809"]
[Site "France"]
[Date "2009.03.15"]
[Round "9.4"]
[White "Riotte, Christian"]
[Black "Becht, Lucas"]
[Result "0-1"]
[WhiteElo "2010"]
[BlackElo "2212"]
[PlyCount "96"]
[EventDate "2008.10.19"]
[EventType "team-tourn"]
[EventRounds "11"]
[EventCountry "FRA"]
[SourceTitle "EXT 2010"]
[Source "ChessBase"]
[SourceDate "2010.11.25"]
[SourceVersion "1"]
[SourceVersionDate "2010.11.25"]
[SourceQuality "1"]
[WhiteTeam "Obernai"]
[BlackTeam "Gambsheim"]
[WhiteTeamCountry "FRA"]
[BlackTeamCountry "FRA"]

1. d4 e6 2. c4 c5 3. e3 Nf6 4. Nf3 cxd4 5. Nxd4 a6 6. Be2 Qc7 7. 0-0 Be7 8. b3 0-0 9. Bb2 d6 10. Nd2 Nbd7 11. Qc2 Rb8 12. Rac1 b6 13. Rfd1 Bb7 14. Bf3 Rbc8 15. Ne4 Rfd8 16. Nxf6+ Nxf6 17. Bxb7 Qxb7 18. Qe2 Rc7 19. Qf3 Qxf3 20. Nxf3 Rdc8 21. Ba3 Ne4 22. Nd4 Kf8 23. f3 Nf6 24. Bb2 Nd7 25. Kf2 Nc5 26. Ke2 g6 27. Kf2 Bg5 28. Ne2 Ke7 29. Ng3 b5 30. cxb5 axb5 31. Ke2 Bh4 32. Ba3 Bxg3 33. hxg3 Ra7 34. Bxc5 Rxa2+ 35. Rd2 Rxd2+ 36. Kxd2 Rxc5 37. Rh1 h5 38. Rh4 Rg5 39. g4 hxg4 40. Rxg4 Rxg4 41. fxg4 f6 42. Kc3 Kd7 43. e4 Kc6 44. g5 fxg5 45. g4 Kc5 46. b4+ Kb6 47. Kd4 e5+ 48. Ke3 d5 0-1

[Event "FRA-chT2 East 0809"]
[Site "France"]
[Date "2009.03.14"]
[Round "8.7"]
[White "Riotte, Christian"]
[Black "Barbaras, Mathieu"]
[Result "1/2-1/2"]
[WhiteElo "2010"]
[BlackElo "1808"]
[PlyCount "71"]
[EventDate "2008.10.19"]
[EventType "team-tourn"]
[EventRounds "11"]
[EventCountry "FRA"]
[SourceTitle "EXT 2010"]
[Source "ChessBase"]
[SourceDate "2010.11.25"]
[SourceVersion "1"]
[SourceVersionDate "2010.11.25"]
[SourceQuality "1"]
[WhiteTeam "Obernai"]
[BlackTeam "Bischwiller II"]
[WhiteTeamCountry "FRA"]
[BlackTeamCountry "FRA"]

1. d4 Nf6 2. c4 e6 3. Nc3 Bb4 4. Nf3 0-0 5. Bg5 d5 6. e3 c5 7. cxd5 Qa5 8. Bxf6 Bxc3+ 9. bxc3 gxf6 10. Qd2 cxd4 11. cxd4 Qxd5 12. Be2 Nc6 13. 0-0 e5 14. Rfd1 Be6 15. Qb2 e4 16. Nd2 f5 17. Qxb7 Nxd4 18. Qxd5 Nxe2+ 19. Kf1 Bxd5 20. Kxe2 Rfc8 21. Nb3 Rc2+ 22. Rd2 Bc4+ 23. Kd1 Rxa2 24. Rdxa2 Bxb3+ 25. Kd2 Bxa2 26. Rxa2 a5 27. Kc3 Kg7 28. Kb3 Kg6 29. g3 Kg5 30. h3 Kf6 31. Ka4 Ke6 32. Rb2 Ra6 33. Kb5 Ra7 34. Ka4 Ra6 35. Kb5 Ra7 36. Ka4 1/2-1/2

[Event "FRA-chT2 East 0809"]
[Site "France"]
[Date "2008.11.23"]
[Round "3.3"]
[White "Riotte, Christian"]
[Black "Taddei, Benoit"]
[Result "1-0"]
[WhiteElo "2010"]
[BlackElo "2312"]
[PlyCount "125"]
[EventDate "2008.10.19"]
[EventType "team-tourn"]
[EventRounds "11"]
[EventCountry "FRA"]
[SourceTitle "EXT 2010"]
[Source "ChessBase"]
[SourceDate "2010.11.25"]
[SourceVersion "1"]
[SourceVersionDate "2010.11.25"]
[SourceQuality "1"]
[WhiteTeam "Obernai"]
[BlackTeam "Metz Fischer II"]
[WhiteTeamCountry "FRA"]
[BlackTeamCountry "FRA"]

1. d4 d5 2. c4 dxc4 3. Nf3 c5 4. e3 cxd4 5. Qxd4 Qxd4 6. Nxd4 a6 7. Bxc4 e5 8. Nf3 Nc6 9. a3 h6 10. Nc3 Nf6 11. Nd5 Nxd5 12. Bxd5 Bd6 13. 0-0 Ne7 14. Ba2 Bg4 15. Nd2 Rd8 16. Ne4 Bb8 17. Nc5 Bc8 18. e4 Rd6 19. Be3 0-0 20. Rad1 Rfd8 21. Bb3 Nc6 22. Rxd6 Rxd6 23. Rc1 Ba7 24. Bd5 Nd4 25. Bxd4 exd4 26. Nxa6 bxa6 27. Rxc8+ Kh7 28. Kf1 f5 29. Rc6 Rxc6 30. Bxc6 Kg6 31. b4 Bb6 32. a4 Kf6 33. Ke2 a5 34. bxa5 Bxa5 35. Kd3 Bb6 36. f4 fxe4+ 37. Kxe4 g5 38. Bb5 gxf4 39. Kxf4 Ke6 40. Ke4 Ba7 41. g4 Kf6 42. h4 Bb6 43. Be2 Kg7 44. Kd5 d3 45. Bxd3 h5 46. g5 Bf2 47. a5 Bxh4 48. a6 Bf2 49. Ke4 Ba7 50. Kf5 Be3 51. Be2 h4 52. Kg4 Bf2 53. Bd3 Kf7 54. Bf5 Kg7 55. Kh5 Kh8 56. Kg6 h3 57. Bxh3 Kg8 58. Kf6 Kf8 59. g6 Bd4+ 60. Ke6 Kg7 61. Bf5 Ba7 62. Kd7 Kf6 63. Kc6 1-0

[Event "FRA-chT2 East 0708"]
[Site "France"]
[Date "2008.03.16"]
[Round "9.3"]
[White "Riotte, Christian"]
[Black "Schlawin, Marlon"]
[Result "0-1"]
[WhiteElo "2035"]
[BlackElo "2328"]
[PlyCount "52"]
[EventDate "2007.10.21"]
[EventType "team"]
[EventRounds "11"]
[EventCountry "FRA"]
[SourceTitle "EXT 2009"]
[Source "ChessBase"]
[SourceDate "2008.11.26"]
[SourceVersion "1"]
[SourceVersionDate "2008.11.26"]
[SourceQuality "1"]
[WhiteTeam "Obernai"]
[BlackTeam "Vandoeuvre II"]
[WhiteTeamCountry "FRA"]
[BlackTeamCountry "FRA"]

1. d4 e6 2. c4 Bb4+ 3. Bd2 a5 4. Nf3 d6 5. a3 Bxd2+ 6. Nbxd2 Nc6 7. b3 Nh6 8. e3 0-0 9. Be2 e5 10. d5 Ne7 11. e4 Ng6 12. g3 Bh3 13. Bf1 Bxf1 14. Kxf1 f5 15. Kg2 Qe7 16. h4 f4 17. Ng5 Rf6 18. g4 f3+ 19. Ndxf3 Nxg4 20. Kg3 Nh6 21. Ne6 Nf4 22. Nfg5 Nf7 23. f3 Rg6 24. Kf2 Nxg5 25. Nxf4 Nxe4+ 26. fxe4 Rf8 0-1

[Event "FRA-chT2 East 0708"]
[Site "France"]
[Date "2008.03.15"]
[Round "8.7"]
[White "Baujard, Anne"]
[Black "Riotte, Christian"]
[Result "1-0"]
[WhiteElo "1927"]
[BlackElo "2035"]
[PlyCount "173"]
[EventDate "2007.10.21"]
[EventType "team"]
[EventRounds "11"]
[EventCountry "FRA"]
[SourceTitle "EXT 2009"]
[Source "ChessBase"]
[SourceDate "2008.11.26"]
[SourceVersion "1"]
[SourceVersionDate "2008.11.26"]
[SourceQuality "1"]
[WhiteTeam "Epinal"]
[BlackTeam "Obernai"]
[WhiteTeamCountry "FRA"]
[BlackTeamCountry "FRA"]

1. c4 Nf6 2. g3 e6 3. Bg2 d5 4. cxd5 exd5 5. d4 Be7 6. Nf3 0-0 7. 0-0 c6 8. a3 Re8 9. b4 a6 10. Nbd2 Bd6 11. Nb3 Nbd7 12. Qd3 Qe7 13. Re1 Qe4 14. Qxe4 Nxe4 15. Nc5 Nc3 16. e3 Nb6 17. Nd2 f5 18. Ndb3 Nc4 19. Nd2 Nb6 20. Bb2 Nca4 21. Ra2 a5 22. Ndb3 axb4 23. axb4 Nxb2 24. Rxb2 Nc4 25. Rbb1 b6 26. Nd3 Bb7 27. Ra1 Rxa1 28. Rxa1 Ra8 29. Bh3 Rxa1+ 30. Nxa1 g6 31. Nc2 Ba6 32. Bf1 Nd2 33. Be2 Ne4 34. Nf4 b5 35. Nd3 Bc8 36. Bf1 Kf7 37. f3 Nc3 38. Bh3 Kf6 39. Kg2 g5 40. Kf2 Be6 41. Bf1 Bf7 42. Na1 Bg6 43. Nb3 f4 44. Na5 Be8 45. exf4 gxf4 46. Nb7 fxg3+ 47. hxg3 Bc7 48. Ndc5 h6 49. Bh3 Ke7 50. Bf5 Na2 51. Na6 Bd6 52. Nxd6 Kxd6 53. Ke3 Nc3 54. Kd2 Na4 55. Bc2 Nb6 56. Ke3 Ke6 57. Kf4 Kf6 58. Nb8 Na4 59. Na6 Nc3 60. Ke3 Kg5 61. Kd2 Na4 62. Nc7 Bd7 63. Na6 Nb6 64. Nb8 Nc4+ 65. Ke2 Be8 66. Bh7 Nd6 67. Bd3 Nc4 68. Na6 Nb6 69. Nc5 Kf6 70. Ke3 Nc8 71. Kf4 Ne7 72. Na6 Bd7 73. Nb8 Be8 74. Ke3 Ke6 75. Kf4 Kd6 76. Bf1 Bg6 77. Bh3 Be8 78. Na6 Bg6 79. Nc5 Bf7 80. Nb7+ Kc7 81. Nc5 Kd6 82. Nd3 Ng6+ 83. Kf5 Ne7+ 84. Kf6 Bh5 85. Ne5 Ng8+ 86. Kg7 Ne7 87. Kxh6 1-0

[Event "FRA-chT2 East 0708"]
[Site "France"]
[Date "2008.02.10"]
[Round "7.7"]
[White "Riotte, Christian"]
[Black "Jeannerot, Lea"]
[Result "0-1"]
[WhiteElo "2035"]
[BlackElo "1956"]
[PlyCount "78"]
[EventDate "2007.10.21"]
[EventType "team"]
[EventRounds "11"]
[EventCountry "FRA"]
[SourceTitle "EXT 2009"]
[Source "ChessBase"]
[SourceDate "2008.11.26"]
[SourceVersion "1"]
[SourceVersionDate "2008.11.26"]
[SourceQuality "1"]
[WhiteTeam "Obernai"]
[BlackTeam "Besancon TPG II"]
[WhiteTeamCountry "FRA"]
[BlackTeamCountry "FRA"]

1. d4 d5 2. c4 e6 3. Nc3 Nf6 4. Bg5 Nbd7 5. Nf3 c6 6. e3 Qa5 7. Bxf6 Nxf6 8. c5 g6 9. Bd3 Bg7 10. 0-0 0-0 11. Ne5 Qc7 12. b4 Nd7 13. f4 Nxe5 14. fxe5 f6 15. exf6 Bxf6 16. Ne2 e5 17. h3 Bd7 18. Qb3 exd4 19. e4 Qe5 20. exd5 cxd5 21. Rae1 Bh4 22. Rd1 Rae8 23. Kh1 Kg7 24. Ng1 Bg3 25. Nf3 Qh5 26. Ng1 Rf2 27. Rxf2 Bxf2 28. Qc2 Bxg1 29. Kxg1 Re3 30. Bf1 Qe5 31. Qd2 Re4 32. b5 Qg3 33. Qd3 Qe3+ 34. Qxe3 dxe3 35. Be2 d4 36. Bf3 e2 37. Re1 d3 38. c6 bxc6 39. bxc6 d2 0-1

[Event "FRA-chT2 East 0708"]
[Site "France"]
[Date "2008.01.19"]
[Round "5.7"]
[White "Sengsavath, Sengsouriya"]
[Black "Riotte, Christian"]
[Result "0-1"]
[WhiteElo "2011"]
[BlackElo "2035"]
[PlyCount "146"]
[EventDate "2007.10.21"]
[EventType "team"]
[EventRounds "11"]
[EventCountry "FRA"]
[SourceTitle "EXT 2009"]
[Source "ChessBase"]
[SourceDate "2008.11.26"]
[SourceVersion "1"]
[SourceVersionDate "2008.11.26"]
[SourceQuality "1"]
[WhiteTeam "Mundolsheim"]
[BlackTeam "Obernai"]
[WhiteTeamCountry "FRA"]
[BlackTeamCountry "FRA"]

1. e4 c6 2. c4 d5 3. exd5 cxd5 4. d4 Nf6 5. Nc3 e6 6. Nf3 Be7 7. Bd3 0-0 8. 0-0 b6 9. Re1 dxc4 10. Bxc4 Bb7 11. a3 Nd5 12. Ba2 Nxc3 13. bxc3 Bf6 14. Bf4 Nc6 15. Qd3 Na5 16. Rad1 Rc8 17. Bb1 g6 18. Bh6 Bg7 19. Bxg7 Kxg7 20. Ne5 Qc7 21. Re3 Nc4 22. Nxc4 Qxc4 23. Qd2 h5 24. Rg3 h4 25. Rg4 h3 26. Qe3 Qd5 27. Be4 Qh5 28. Qxh3 Qxh3 29. gxh3 Bxe4 30. Rxe4 Rxc3 31. Re3 Rfc8 32. Rdd3 Rxd3 33. Rxd3 Rd8 34. Kf1 e5 35. d5 e4 36. Rd1 f5 37. Ke2 Kf6 38. f4 exf3+ 39. Kxf3 Rd6 40. Kf4 g5+ 41. Ke3 Ke5 42. Rg1 Rxd5 43. Rxg5 Ra5 44. Kf3 Rxa3+ 45. Kg2 Kf4 46. h4 Rc3 47. Rg6 Rc7 48. h5 Rh7 49. h6 b5 50. Ra6 Kg5 51. Ra5 a6 52. Rxa6 Rxh6 53. Ra5 Rb6 54. Kf3 b4 55. Ra2 b3 56. Rb2 Rb4 57. Kg3 Kh5 58. Kh3 f4 59. Kg2 Kg4 60. Kf2 Kf5 61. Kf3 Ke5 62. h4 Kd4 63. Rxb3 Rxb3+ 64. Kxf4 Rh3 65. Kg5 Ke5 66. h5 Rg3+ 67. Kh6 Kf6 68. Kh7 Kf7 69. Kh6 Rh3 70. Kg5 Kg7 71. Kg4 Rh1 72. Kg5 Kh7 73. Kg4 Kh6 0-1

[Event "FRA-chT2 East 0708"]
[Site "France"]
[Date "2007.11.24"]
[Round "2.6"]
[White "Riotte, Christian"]
[Black "Carrillo, Jesus"]
[Result "0-1"]
[WhiteElo "2038"]
[BlackElo "2162"]
[PlyCount "116"]
[EventDate "2007.10.21"]
[EventType "team"]
[EventRounds "11"]
[EventCountry "FRA"]
[SourceTitle "EXT 2009"]
[Source "ChessBase"]
[SourceDate "2008.11.26"]
[SourceVersion "1"]
[SourceVersionDate "2008.11.26"]
[SourceQuality "1"]
[WhiteTeam "Obernai"]
[BlackTeam "Metz Fischer II"]
[WhiteTeamCountry "FRA"]
[BlackTeamCountry "FRA"]

1. d4 Nf6 2. c4 g6 3. Nc3 Bg7 4. Nf3 0-0 5. e3 d6 6. Be2 Nbd7 7. 0-0 e5 8. dxe5 dxe5 9. e4 c6 10. Qc2 Qe7 11. h3 Nh5 12. Re1 Nc5 13. b4 Ne6 14. c5 a5 15. Qb2 axb4 16. Qxb4 Qxc5 17. Qxc5 Nxc5 18. Be3 Na4 19. Nxa4 Rxa4 20. Nd2 Nf4 21. Bd1 Ra6 22. Bb3 Nd3 23. Reb1 Nf4 24. a4 Ne2+ 25. Kf1 Nd4 26. Bc4 Ra8 27. Ra2 Rd8 28. Bg5 Re8 29. Nb3 Ne6 30. Be3 Bf8 31. Bb6 Kg7 32. Rd1 f5 33. exf5 gxf5 34. a5 Be7 35. Re2 Bf6 36. Red2 e4 37. Ra2 Bd8 38. Bxd8 Rxd8 39. Rad2 Rxd2 40. Rxd2 Kf6 41. g3 Ke7 42. Ke2 Ng5 43. h4 Nf3 44. Rd1 Ne5 45. Bg8 h6 46. Bh7 Be6 47. Nc5 Rh8 48. Nxb7 Rxh7 49. Ke3 Ng4+ 50. Kd4 Kf6 51. Nc5 Rh8 52. Rb1 Rd8+ 53. Kc3 Nxf2 54. a6 Nd1+ 55. Kb4 e3 56. Nb7 Rd4+ 57. Kc5 Rc4+ 58. Kd6 e2 0-1